| 000 | 01202nam a2200325 c 4500 | ||
|---|---|---|---|
| 999 |
_c180509 _d180509 |
||
| 003 | BLK | ||
| 005 | 20241010163530.0 | ||
| 008 | 180411b bul|||||r ||||||| ||bul|| | ||
| 010 | _aKNG00189366000 | ||
| 040 | _aBLK | ||
| 041 |
_aBUL _cBUL |
||
| 080 |
_aНемска литература _b821.112.2 _x-31 _z821.112.2-31 |
||
| 100 | 1 |
_aХесе, Херман _eпърви автор _9366442 |
|
| 139 |
_aХесе, Херман _bХ 45 |
||
| 245 | 1 | 0 |
_aСидхарта _bИнд. повест _cХерман Хесе; прев. от нем. Любомир Димитров Илиев. |
| 257 | _aDEU | ||
| 260 |
_aСофия _bНар. култура _c1981 _fЯмбол : Г. Димитров |
||
| 300 |
_a115 с. _c20 см |
||
| 380 | _aX | ||
| 500 | _aОриг. загл. Siddhartha / Hermann Hesse. - 40 125 тир. | ||
| 653 | _aромани | ||
| 700 | 1 |
_aИлиев, Любомир Димитров _9376558 |
|
| 852 | _aЦб 109108 | ||
| 856 | 4 |
_qpdf _i0.00 _ldisable |
|
| 856 | 4 |
_qpdf _i0.00 _ldisable |
|
| 942 |
_cKNG _n0 _06 _s1 |
||
| 944 |
_aCR _c22.07.2016 _lГалина Якимова _k30564 |
||
| 944 |
_aED _c14.12.2016 _lф / _kПенка_Димитрова |
||
| 999 | _d180509 | ||